Somalia : Currency Reform Assessment Letter for the Central Bank of Somalia.

This letter provides IMF staff's assessment on the readiness of the Central Bank of Somalia (CBS) to issue a new national currency under Phase I which will be limited to exchanging the counterfeit Somali shilling notes currently in circulation with new currency. Over the past two years the IMF...

Descripció completa

Dades bibliogràfiques
Autor corporatiu: International Monetary Fund
Format: Revista
Idioma:English
Publicat: Washington, D.C. : International Monetary Fund, 2018.
Col·lecció:Policy Papers; Policy Paper ; No. 2018/027
Matèries:
Accés en línia:Full text available on IMF
LEADER 02057cas a2200313 a 4500
001 AALejournalIMF019227
008 230101c9999 xx r poo 0 0eng d
020 |c 5.00 USD 
020 |z 9781498308465 
022 |a 2663-3493 
040 |a BD-DhAAL  |c BD-DhAAL 
110 2 |a International Monetary Fund. 
245 1 0 |a Somalia :   |b Currency Reform Assessment Letter for the Central Bank of Somalia. 
264 1 |a Washington, D.C. :  |b International Monetary Fund,  |c 2018. 
300 |a 1 online resource (4 pages) 
490 1 |a Policy Papers 
500 |a <strong>Off-Campus Access:</strong> No User ID or Password Required 
500 |a <strong>On-Campus Access:</strong> No User ID or Password Required 
506 |a Electronic access restricted to authorized BRAC University faculty, staff and students 
520 3 |a This letter provides IMF staff's assessment on the readiness of the Central Bank of Somalia (CBS) to issue a new national currency under Phase I which will be limited to exchanging the counterfeit Somali shilling notes currently in circulation with new currency. Over the past two years the IMF has provided the CBS with extensive technical assistance (TA) to support the currency reform project. All preparatory measures agreed on between the authorities and IMF staff have been implemented and IMF staff views that the CBS is ready to introduce the new national currency under Phase I. This assessment letter has been requested by the CBS with the objective to share it with donors to mobilize the needed funding for the currency reform project. It is estimated by IMF staff that this project under Phase I will cost about USD 41 million. 
538 |a Mode of access: Internet 
650 7 |a Banknote  |2 imf 
650 7 |a CBS Regulation  |2 imf 
650 7 |a Currency  |2 imf 
650 7 |a PP  |2 imf 
650 7 |a Shilling  |2 imf 
651 7 |a Somalia  |2 imf 
830 0 |a Policy Papers; Policy Paper ;  |v No. 2018/027 
856 4 0 |z Full text available on IMF  |u http://elibrary.imf.org/view/journals/007/2018/027/007.2018.issue-027-en.xml  |z IMF e-Library